[Event "European Online Club-ch-E 2021"]
[Site "Online"]
[Date "2021.03.27"]
[Round "5.5"]
[White "Chatalbashev, Boris"]
[Black "Oparin, Grigoriy"]
[Result "0-1"]
[WhiteElo "2530"]
[BlackElo "2652"]
[Annotator "ChessBase"]
[PlyCount "80"]
[EventDate "2021.03.27"]
[EventType "team-tourn"]
[EventCountry "NET"]
[SourceTitle "playchess.com"]
[Source "ChessBase"]
[SourceQuality "1"]
[TimeControl "900+5"]

1. d4 {[%emt 0:00:00]} d5 {[%emt 0:00:02]} 2. c4 {[%emt 0:00:03]} e6 {[%emt 0:00:01]} 3. Nc3 {[%emt 0:00:03]} Be7 {[%emt 0:00:01]} 4. cxd5 {[%emt 0:00:03]} exd5 {[%emt 0:00:00]} 5. Bf4 {[%emt 0:00:03]} c6 {[%emt 0:00:02]} 6. e3 {[%emt 0:00:07]} Bf5 {[%emt 0:00:02]} 7. Nge2 {[%emt 0:00:06]} Nd7 {[%emt 0:00:05]} 8. Ng3 {[%emt 0:00:02]} Be6 {[%emt 0:00:23]} 9. Bd3 {[%emt 0:01:02]} g5 {[%emt 0:01:57]} 10. Be5 {[%emt 0:00:07]} f6 {[%emt 0:00:02]} 11. f4 {[%emt 0:04:38]} fxe5 {[%emt 0:00:28]} 12. dxe5 {[%emt 0:00:20]} Qb6 {[%emt 0:00:24]} 13. Qe2 {[%emt 0:00:23]} O-O-O {[%emt 0:00:36]} 14. O-O-O {[%emt 0:00:46]} d4 {[%emt 0:01:49]} 15. exd4 {[%emt 0:00:04]} gxf4 {[%emt 0:00:03]} 16. Nh5 {[%emt 0:00:28]} Nh6 {[%emt 0:02:04]} 17. h3 {[%emt 0:00:35]} Qxd4 {[%emt 0:00:41]} 18. Ng7 {[%emt 0:00:50]} f3 {[%emt 0:00:37]} 19. gxf3 {[%emt 0:01:09]} Nc5 {[%emt 0:00:42]} 20. Nxe6 {[%emt 0:00:23]} Nxe6 {[%emt 0:00:00]} 21. Bc4 {[%emt 0:00:39]} Qf4+ {[%emt 0:00:06]} 22. Kb1 {[%emt 0:00:03]} Nd4 {[%emt 0:00:05]} 23. Qf2 {[%emt 0:00:17]} Qxf3 {[%emt 0:00:30]} 24. Qg1 {[%emt 0:00:34]} Qf5+ {[%emt 0:00:11]} 25. Bd3 {[%emt 0:00:10]} Qxe5 {[%emt 0:00:02]} 26. Re1 {[%emt 0:00:04]} Qg5 {[%emt 0:00:07]} 27. Qh2 {[%emt 0:00:32]} Bd6 {[%emt 0:00:03]} 28. Ne4 {[%emt 0:00:05]} Bxh2 {[%emt 0:00:12]} 29. Nxg5 {[%emt 0:00:02]} Bf4 {[%emt 0:00:03]} 30. h4 {[%emt 0:00:07]} Ng4 {[%emt 0:01:00]} 31. Nf7 {[%emt 0:00:40]} Nf2 {[%emt 0:00:02]} 32. Nxd8 {[%emt 0:00:07]} Rxd8 {[%emt 0:00:11]} 33. Bxh7 {[%emt 0:00:05]} Nxh1 {[%emt 0:00:05]} 34. Rxh1 {[%emt 0:00:01]} Bh6 {[%emt 0:00:10]} 35. h5 {[%emt 0:00:01]} Rf8 {[%emt 0:00:05]} 36. Rg1 {[%emt 0:00:08]} Rf6 {[%emt 0:00:02]} 37. Be4 {[%emt 0:00:14]} Kc7 {[%emt 0:00:04]} 38. b4 {[%emt 0:00:20]} b5 {[%emt 0:00:19]} 39. Kb2 {[%emt 0:00:10]} Rf2+ {[%emt 0:00:05]} 40. Kb1 {[%emt 0:00:06]} Ne2 {[%emt 0:00:04]} 0-1

[Event "European Online Club-ch-E 2021"]
[Site "Online"]
[Date "2021.03.27"]
[Round "5.6"]
[White "Moussard, Jules"]
[Black "Moreno Trujillo, Alejandro"]
[Result "1-0"]
[WhiteElo "2635"]
[BlackElo "2483"]
[Annotator "ChessBase"]
[PlyCount "153"]
[EventDate "2021.03.27"]
[EventType "team-tourn"]
[EventCountry "NET"]
[SourceTitle "playchess.com"]
[Source "ChessBase"]
[SourceQuality "1"]
[TimeControl "900+5"]

1. e4 {[%emt 0:00:00]} e6 {[%emt 0:00:06]} 2. d4 {[%emt 0:00:03]} d5 {[%emt 0:00:03]} 3. Nd2 {[%emt 0:00:03]} c5 {[%emt 0:00:06]} 4. Ngf3 {[%emt 0:00:18]} cxd4 {[%emt 0:00:05]} 5. exd5 {[%emt 0:00:07]} Qxd5 {[%emt 0:00:04]} 6. Bc4 {[%emt 0:00:02]} Qd7 {[%emt 0:00:03]} 7. O-O {[%emt 0:00:16]} Nc6 {[%emt 0:00:05]} 8. Nb3 {[%emt 0:00:05]} Nf6 {[%emt 0:00:04]} 9. Bg5 {[%emt 0:00:35]} a6 {[%emt 0:00:52]} 10. a4 {[%emt 0:00:32]} Bd6 {[%emt 0:02:40]} 11. Nbxd4 {[%emt 0:01:16]} Nxd4 {[%emt 0:00:05]} 12. Qxd4 {[%emt 0:00:07]} Be7 {[%emt 0:00:23]} 13. Qb6 {[%emt 0:01:24]} Qc6 {[%emt 0:00:14]} 14. Qxc6+ {[%emt 0:00:08]} bxc6 {[%emt 0:00:03]} 15. Ne5 {[%emt 0:00:18]} Nd7 {[%emt 0:00:42]} 16. Nxd7 {[%emt 0:00:17]} Bxd7 {[%emt 0:00:05]} 17. Be3 {[%emt 0:00:30]} c5 {[%emt 0:00:10]} 18. b3 {[%emt 0:00:02]} Bc6 {[%emt 0:00:11]} 19. Rad1 {[%emt 0:00:03]} O-O {[%emt 0:00:24]} 20. Rd2 {[%emt 0:00:02]} Rfc8 {[%emt 0:00:22]} 21. Rfd1 {[%emt 0:00:09]} Kf8 {[%emt 0:00:02]} 22. f3 {[%emt 0:00:24]} Ke8 {[%emt 0:00:26]} 23. Kf2 {[%emt 0:00:02]} Rcb8 {[%emt 0:00:21]} 24. Rd3 {[%emt 0:00:22]} Rb7 {[%emt 0:00:23]} 25. Bf4 {[%emt 0:00:31]} Rb4 {[%emt 0:01:19]} 26. Bd2 {[%emt 0:00:04]} Rb7 {[%emt 0:00:04]} 27. Bc3 {[%emt 0:00:05]} Bf6 {[%emt 0:00:24]} 28. Bxf6 {[%emt 0:00:57]} gxf6 {[%emt 0:00:04]} 29. Rd6 {[%emt 0:00:01]} Rc7 {[%emt 0:00:04]} 30. Re1 {[%emt 0:02:36]} Ke7 {[%emt 0:00:15]} 31. Rxc6 {[%emt 0:00:03]} Rxc6 {[%emt 0:00:03]} 32. Bd5 {[%emt 0:00:01]} Rac8 {[%emt 0:00:03]} 33. Bxc6 {[%emt 0:00:01]} Rxc6 {[%emt 0:00:01]} 34. Re4 {[%emt 0:00:01]} Rd6 {[%emt 0:01:23]} 35. Ke2 {[%emt 0:00:05]} Rd5 {[%emt 0:00:04]} 36. Rg4 {[%emt 0:00:04]} Kf8 {[%emt 0:01:04]} 37. c3 {[%emt 0:01:14]} h5 {[%emt 0:00:17]} 38. Rc4 {[%emt 0:00:05]} a5 {[%emt 0:00:07]} 39. b4 {[%emt 0:00:09]} cxb4 {[%emt 0:00:07]} 40. cxb4 {[%emt 0:00:01]} axb4 {[%emt 0:00:15]} 41. Rxb4 {[%emt 0:00:01]} Kg7 {[%emt 0:00:09]} 42. Rb2 {[%emt 0:00:13]} Ra5 {[%emt 0:00:19]} 43. Ra2 {[%emt 0:00:02]} Kf8 {[%emt 0:00:01]} 44. Kd3 {[%emt 0:00:01]} Ke7 {[%emt 0:00:02]} 45. Kc4 {[%emt 0:00:02]} Kd6 {[%emt 0:00:03]} 46. Kb4 {[%emt 0:00:16]} Rg5 {[%emt 0:00:11]} 47. Rc2 {[%emt 0:00:17]} Rg8 {[%emt 0:00:11]} 48. a5 {[%emt 0:00:03]} Rb8+ {[%emt 0:00:03]} 49. Ka4 {[%emt 0:00:01]} Ra8 {[%emt 0:00:22]} 50. Kb5 {[%emt 0:02:00]} Rb8+ {[%emt 0:00:03]} 51. Ka6 {[%emt 0:00:04]} Rb3 {[%emt 0:00:21]} 52. Ka7 {[%emt 0:00:07]} h4 {[%emt 0:00:21]} 53. h3 {[%emt 0:00:09]} e5 {[%emt 0:00:30]} 54. a6 {[%emt 0:00:44]} f5 {[%emt 0:00:15]} 55. Rc4 {[%emt 0:00:09]} Rb2 {[%emt 0:00:34]} 56. Rxh4 {[%emt 0:00:22]} Rxg2 {[%emt 0:00:02]} 57. Rb4 {[%emt 0:00:18]} Kc7 {[%emt 0:00:19]} 58. Rb7+ {[%emt 0:00:06]} Kc6 {[%emt 0:00:14]} 59. Rxf7 {[%emt 0:00:01]} f4 {[%emt 0:00:04]} 60. h4 {[%emt 0:01:05]} Rg3 {[%emt 0:01:08]} 61. h5 {[%emt 0:00:08]} Rh3 {[%emt 0:00:04]} 62. Rf6+ {[%emt 0:00:09]} Kc7 {[%emt 0:00:17]} 63. h6 {[%emt 0:00:04]} e4 {[%emt 0:00:28]} 64. fxe4 {[%emt 0:00:02]} f3 {[%emt 0:00:02]} 65. Rf7+ {[%emt 0:00:10]} Kc6 {[%emt 0:00:03]} 66. Rf6+ {[%emt 0:00:12]} Kc7 {[%emt 0:00:03]} 67. e5 {[%emt 0:00:02]} f2 {[%emt 0:00:07]} 68. Rxf2 {[%emt 0:00:07]} Rxh6 {[%emt 0:00:02]} 69. Rc2+ {[%emt 0:00:01]} Kd7 {[%emt 0:00:05]} 70. Kb7 {[%emt 0:00:07]} Rh3 {[%emt 0:00:02]} 71. Rd2+ {[%emt 0:00:02]} Ke6 {[%emt 0:00:03]} 72. Rd6+ {[%emt 0:00:23]} Kxe5 {[%emt 0:00:02]} 73. Rc6 {[%emt 0:00:01]} Rh7+ {[%emt 0:00:15]} 74. Rc7 {[%emt 0:00:03]} Rh1 {[%emt 0:00:03]} 75. a7 {[%emt 0:00:01]} Rb1+ {[%emt 0:00:02]} 76. Kc8 {[%emt 0:00:01]} Ra1 {[%emt 0:00:03]} 77. Kb8 {[%emt 0:00:01]} 1-0

[Event "European Online Club-ch-E 2021"]
[Site "Online"]
[Date "2021.03.27"]
[Round "5.7"]
[White "Garrido Dominguez, Jesus"]
[Black "Gozzoli, Yannick"]
[Result "1/2-1/2"]
[WhiteElo "2413"]
[BlackElo "2600"]
[Annotator "ChessBase"]
[PlyCount "202"]
[EventDate "2021.03.27"]
[EventType "team-tourn"]
[EventCountry "NET"]
[SourceTitle "playchess.com"]
[Source "ChessBase"]
[SourceQuality "1"]
[TimeControl "900+5"]

1. e4 {[%emt 0:00:00]} e5 {[%emt 0:00:05]} 2. Nf3 {[%emt 0:00:07]} Nc6 {[%emt 0:00:02]} 3. Bb5 {[%emt 0:00:05]} a6 {[%emt 0:00:12]} 4. Bxc6 {[%emt 0:00:03]} dxc6 {[%emt 0:00:02]} 5. d4 {[%emt 0:00:02]} exd4 {[%emt 0:00:03]} 6. Qxd4 {[%emt 0:00:02]} Qxd4 {[%emt 0:00:01]} 7. Nxd4 {[%emt 0:00:02]} Bd7 {[%emt 0:00:08]} 8. Be3 {[%emt 0:00:12]} O-O-O {[%emt 0:00:04]} 9. Nd2 {[%emt 0:00:03]} Ne7 {[%emt 0:00:36]} 10. O-O-O {[%emt 0:00:08]} c5 {[%emt 0:00:46]} 11. Ne2 {[%emt 0:00:09]} b6 {[%emt 0:00:14]} 12. f4 {[%emt 0:00:30]} f5 {[%emt 0:00:08]} 13. e5 {[%emt 0:00:35]} Nd5 {[%emt 0:00:55]} 14. Nf1 {[%emt 0:00:03]} Bb5 {[%emt 0:00:34]} 15. Rd2 {[%emt 0:00:10]} Be7 {[%emt 0:00:19]} 16. h4 {[%emt 0:01:24]} h5 {[%emt 0:00:48]} 17. a3 {[%emt 0:00:25]} g6 {[%emt 0:01:00]} 18. g3 {[%emt 0:00:16]} c4 {[%emt 0:00:47]} 19. c3 {[%emt 0:00:23]} c5 {[%emt 0:00:03]} 20. Bf2 {[%emt 0:00:12]} Ba4 {[%emt 0:00:09]} 21. Nh2 {[%emt 0:03:24]} Nc7 {[%emt 0:00:39]} 22. Rxd8+ {[%emt 0:00:16]} Rxd8 {[%emt 0:00:04]} 23. Re1 {[%emt 0:00:59]} Rd3 {[%emt 0:00:22]} 24. Nf1 {[%emt 0:00:11]} Ne6 {[%emt 0:00:33]} 25. Ne3 {[%emt 0:00:33]} b5 {[%emt 0:00:05]} 26. Kb1 {[%emt 0:00:38]} Kc7 {[%emt 0:00:16]} 27. Nc1 {[%emt 0:00:12]} Rd8 {[%emt 0:00:09]} 28. Re2 {[%emt 0:00:04]} Kc6 {[%emt 0:00:17]} 29. Be1 {[%emt 0:00:02]} Rd3 {[%emt 0:02:14]} 30. Nxd3 {[%emt 0:00:22]} cxd3 {[%emt 0:00:00]} 31. Rd2 {[%emt 0:00:02]} c4 {[%emt 0:00:10]} 32. Rg2 {[%emt 0:02:00]} Nc5 {[%emt 0:00:31]} 33. Kc1 {[%emt 0:00:08]} Ne4 {[%emt 0:00:03]} 34. Nf1 {[%emt 0:00:07]} Bc5 {[%emt 0:00:13]} 35. Rh2 {[%emt 0:00:23]} Kd5 {[%emt 0:00:19]} 36. Rg2 {[%emt 0:00:04]} a5 {[%emt 0:00:04]} 37. Rh2 {[%emt 0:00:02]} Bb3 {[%emt 0:00:07]} 38. Rg2 {[%emt 0:00:03]} Ba4 {[%emt 0:00:17]} 39. Rh2 {[%emt 0:00:15]} Bb6 {[%emt 0:00:30]} 40. Rg2 {[%emt 0:00:03]} Nc5 {[%emt 0:02:25]} 41. Nd2 {[%emt 0:00:03]} Bd8 {[%emt 0:00:10]} 42. Bf2 {[%emt 0:00:12]} Be7 {[%emt 0:00:02]} 43. Be3 {[%emt 0:00:28]} Bc2 {[%emt 0:00:05]} 44. Bf2 {[%emt 0:00:58]} Ne4 {[%emt 0:00:10]} 45. Bb6 {[%emt 0:00:23]} b4 {[%emt 0:00:08]} 46. axb4 {[%emt 0:00:10]} axb4 {[%emt 0:00:00]} 47. Ba5 {[%emt 0:00:07]} bxc3 {[%emt 0:00:06]} 48. Nxe4 {[%emt 0:00:02]} fxe4 {[%emt 0:00:08]} 49. Bxc3 {[%emt 0:00:06]} Bb3 {[%emt 0:00:08]} 50. g4 {[%emt 0:00:06]} hxg4 {[%emt 0:00:13]} 51. Rxg4 {[%emt 0:00:03]} e3 {[%emt 0:00:06]} 52. Rxg6 {[%emt 0:00:07]} Bxh4 {[%emt 0:00:07]} 53. e6 {[%emt 0:00:06]} e2 {[%emt 0:01:08]} 54. Rg5+ {[%emt 0:01:02]} Kxe6 {[%emt 0:00:07]} 55. Re5+ {[%emt 0:00:01]} Kd6 {[%emt 0:00:03]} 56. Bb4+ {[%emt 0:00:02]} Kc6 {[%emt 0:00:01]} 57. Bd2 {[%emt 0:00:03]} Kd6 {[%emt 0:00:06]} 58. Bb4+ {[%emt 0:00:02]} Kd7 {[%emt 0:00:01]} 59. Bd2 {[%emt 0:00:03]} Bg3 {[%emt 0:00:03]} 60. Kb1 {[%emt 0:00:26]} Bc2+ {[%emt 0:00:10]} 61. Kc1 {[%emt 0:00:02]} Kc6 {[%emt 0:00:09]} 62. Re4 {[%emt 0:00:12]} Bb3 {[%emt 0:00:04]} 63. Re5 {[%emt 0:00:03]} Kd7 {[%emt 0:00:14]} 64. Re4 {[%emt 0:00:05]} Kd6 {[%emt 0:00:26]} 65. Re8 {[%emt 0:00:07]} Bf2 {[%emt 0:00:04]} 66. Re5 {[%emt 0:00:07]} Bd4 {[%emt 0:00:03]} 67. Bb4+ {[%emt 0:00:10]} Kc6 {[%emt 0:00:05]} 68. Re6+ {[%emt 0:00:02]} Kd5 {[%emt 0:00:06]} 69. Re8 {[%emt 0:00:02]} Bf2 {[%emt 0:00:08]} 70. Re5+ {[%emt 0:00:08]} Kc6 {[%emt 0:00:02]} 71. Re6+ {[%emt 0:00:03]} Kd7 {[%emt 0:00:02]} 72. Re4 {[%emt 0:00:07]} Kc6 {[%emt 0:00:05]} 73. Re6+ {[%emt 0:00:04]} Kd5 {[%emt 0:00:03]} 74. Re5+ {[%emt 0:00:02]} Kc6 {[%emt 0:00:01]} 75. Bd2 {[%emt 0:00:02]} Bd4 {[%emt 0:00:04]} 76. Re8 {[%emt 0:00:09]} Kd7 {[%emt 0:00:04]} 77. Re4 {[%emt 0:00:03]} Bf6 {[%emt 0:00:01]} 78. Be1 {[%emt 0:00:13]} Kd6 {[%emt 0:00:05]} 79. Re8 {[%emt 0:00:08]} Ba4 {[%emt 0:00:04]} 80. Ra8 {[%emt 0:00:13]} Bc2 {[%emt 0:00:12]} 81. Re8 {[%emt 0:00:07]} Kd5 {[%emt 0:00:05]} 82. Bc3 {[%emt 0:00:16]} Bh4 {[%emt 0:00:06]} 83. Re5+ {[%emt 0:00:03]} Kc6 {[%emt 0:00:03]} 84. Re6+ {[%emt 0:00:01]} Kd5 {[%emt 0:00:04]} 85. Re5+ {[%emt 0:00:02]} Kc6 {[%emt 0:00:02]} 86. Re6+ {[%emt 0:00:02]} Kd7 {[%emt 0:00:19]} 87. Re5 {[%emt 0:00:03]} Bb3 {[%emt 0:00:03]} 88. Re4 {[%emt 0:00:06]} Kc6 {[%emt 0:00:05]} 89. Re5 {[%emt 0:00:03]} Bg3 {[%emt 0:00:03]} 90. Bd2 {[%emt 0:00:04]} Kd6 {[%emt 0:00:02]} 91. Re4 {[%emt 0:00:02]} Bf2 {[%emt 0:00:06]} 92. Bb4+ {[%emt 0:00:06]} Kd7 {[%emt 0:00:04]} 93. Bd2 {[%emt 0:00:01]} Kd6 {[%emt 0:00:04]} 94. Bc3 {[%emt 0:00:05]} Kd5 {[%emt 0:00:06]} 95. Re5+ {[%emt 0:00:02]} Kd6 {[%emt 0:00:02]} 96. Re8 {[%emt 0:00:02]} Bg3 {[%emt 0:00:04]} 97. f5 {[%emt 0:00:11]} Bf4+ {[%emt 0:00:17]} 98. Bd2 {[%emt 0:00:03]} Be5 {[%emt 0:00:07]} 99. Bc3 {[%emt 0:00:11]} Bf4+ {[%emt 0:00:02]} 100. Bd2 {[%emt 0:00:01]} Be5 {[%emt 0:00:01]} 101. Bc3 {[%emt 0:00:07]} Bf4+ {[%emt 0:00:02]} 1/2-1/2

[Event "European Online Club-ch-E 2021"]
[Site "Online"]
[Date "2021.03.27"]
[Round "5.8"]
[White "Cornette, Matthieu"]
[Black "Yashas, D.."]
[Result "1/2-1/2"]
[WhiteElo "2555"]
[BlackElo "2296"]
[Annotator "ChessBase"]
[PlyCount "121"]
[EventDate "2021.03.27"]
[EventType "team-tourn"]
[EventCountry "NET"]
[SourceTitle "playchess.com"]
[Source "ChessBase"]
[SourceQuality "1"]
[TimeControl "900+5"]

1. e4 {[%emt 0:00:00]} d5 {[%emt 0:00:07]} 2. exd5 {[%emt 0:00:04]} Nf6 {[%emt 0:00:03]} 3. d4 {[%emt 0:00:06]} Nxd5 {[%emt 0:00:05]} 4. c4 {[%emt 0:00:11]} Nb6 {[%emt 0:00:04]} 5. Nf3 {[%emt 0:00:02]} g6 {[%emt 0:00:05]} 6. a4 {[%emt 0:00:08]} a5 {[%emt 0:00:24]} 7. c5 {[%emt 0:00:05]} Nd5 {[%emt 0:03:15]} 8. Qb3 {[%emt 0:00:38]} Nc6 {[%emt 0:02:43]} 9. Bc4 {[%emt 0:00:11]} e6 {[%emt 0:00:06]} 10. Nc3 {[%emt 0:01:23]} Ndb4 {[%emt 0:01:29]} 11. O-O {[%emt 0:01:30]} Bg7 {[%emt 0:00:21]} 12. Rd1 {[%emt 0:00:48]} O-O {[%emt 0:00:19]} 13. Bg5 {[%emt 0:00:44]} Bf6 {[%emt 0:00:13]} 14. Bxf6 {[%emt 0:00:46]} Qxf6 {[%emt 0:00:03]} 15. Nb5 {[%emt 0:00:09]} Qd8 {[%emt 0:00:40]} 16. Qe3 {[%emt 0:00:33]} Kg7 {[%emt 0:00:21]} 17. Qf4 {[%emt 0:00:26]} Na6 {[%emt 0:00:42]} 18. Ng5 {[%emt 0:01:32]} h6 {[%emt 0:02:34]} 19. Ne4 {[%emt 0:00:09]} f5 {[%emt 0:00:02]} 20. Nec3 {[%emt 0:00:20]} Qg5 {[%emt 0:00:33]} 21. Qf3 {[%emt 0:00:18]} Ncb4 {[%emt 0:00:10]} 22. Ne2 {[%emt 0:00:27]} Bd7 {[%emt 0:00:11]} 23. Nf4 {[%emt 0:00:28]} Rae8 {[%emt 0:00:03]} 24. g3 {[%emt 0:00:46]} Qf6 {[%emt 0:01:08]} 25. Qb3 {[%emt 0:00:58]} Bc8 {[%emt 0:00:10]} 26. Na7 {[%emt 0:01:04]} Bd7 {[%emt 0:00:17]} 27. Rd2 {[%emt 0:00:39]} c6 {[%emt 0:00:08]} 28. Re1 {[%emt 0:00:03]} Re7 {[%emt 0:00:28]} 29. Bxe6 {[%emt 0:00:36]} Rfe8 {[%emt 0:00:14]} 30. Rde2 {[%emt 0:00:43]} Qxd4 {[%emt 0:00:02]} 31. Rd1 {[%emt 0:00:22]} Nxc5 {[%emt 0:00:17]} 32. Rxd4 {[%emt 0:00:15]} Nxb3 {[%emt 0:00:01]} 33. Rxd7 {[%emt 0:00:26]} Rxd7 {[%emt 0:00:05]} 34. Bxd7 {[%emt 0:00:02]} Rxe2 {[%emt 0:00:05]} 35. Nxe2 {[%emt 0:00:00]} Nc5 {[%emt 0:00:02]} 36. Be8 {[%emt 0:00:11]} Nxa4 {[%emt 0:00:03]} 37. b3 {[%emt 0:00:11]} Nc5 {[%emt 0:00:01]} 38. Nd4 {[%emt 0:00:03]} Kf6 {[%emt 0:00:02]} 39. f4 {[%emt 0:00:09]} Nbd3 {[%emt 0:00:02]} 40. Nc8 {[%emt 0:00:08]} Nc1 {[%emt 0:00:03]} 41. Nb6 {[%emt 0:00:14]} N1xb3 {[%emt 0:00:03]} 42. Nxb3 {[%emt 0:00:06]} Nxb3 {[%emt 0:00:01]} 43. Kf2 {[%emt 0:00:02]} Nc5 {[%emt 0:00:09]} 44. Ke3 {[%emt 0:00:19]} a4 {[%emt 0:00:02]} 45. Kd4 {[%emt 0:00:05]} a3 {[%emt 0:00:11]} 46. Kc3 {[%emt 0:00:02]} Ne4+ {[%emt 0:00:09]} 47. Kb3 {[%emt 0:00:02]} g5 {[%emt 0:00:05]} 48. Bd7 {[%emt 0:00:09]} Nd2+ {[%emt 0:00:02]} 49. Kxa3 {[%emt 0:00:04]} Nf1 {[%emt 0:00:02]} 50. Bc8 {[%emt 0:00:18]} Nxh2 {[%emt 0:00:03]} 51. Bxb7 {[%emt 0:00:03]} Nf1 {[%emt 0:00:01]} 52. Bxc6 {[%emt 0:00:05]} Nxg3 {[%emt 0:00:09]} 53. fxg5+ {[%emt 0:00:06]} hxg5 {[%emt 0:00:05]} 54. Kb3 {[%emt 0:00:02]} f4 {[%emt 0:00:04]} 55. Kc3 {[%emt 0:00:11]} g4 {[%emt 0:00:01]} 56. Kd3 {[%emt 0:00:03]} Kg5 {[%emt 0:00:12]} 57. Nc4 {[%emt 0:00:05]} f3 {[%emt 0:00:02]} 58. Bxf3 {[%emt 0:00:07]} gxf3 {[%emt 0:00:02]} 59. Ke3 {[%emt 0:00:01]} Nf5+ {[%emt 0:00:04]} 60. Kxf3 {[%emt 0:00:02]} Ne3 {[%emt 0:00:08]} 61. Nxe3 {[%emt 0:00:02]} 1/2-1/2

[Event "European Online Club-ch-E 2021"]
[Site "Online"]
[Date "2021.03.27"]
[Round "5.9"]
[White "Westerberg, Jonathan"]
[Black "Mamedyarov, Shakhriyar"]
[Result "0-1"]
[WhiteElo "2534"]
[BlackElo "2770"]
[Annotator "TA"]
[PlyCount "108"]
[EventDate "2021.03.27"]
[EventType "team-tourn"]
[EventCountry "NET"]
[SourceTitle "playchess.com"]
[Source "ChessBase"]
[SourceQuality "1"]

{[%evp 28,107,0,0,36,29,46,65,62,0,24,-29,-37,-74,-79,-70,-78,-89,-81,-98,-104,-90,-84,-92,-91,-111,-111,-110,-112,-114,-102,-117,-108,-118,-115,-116,-100,-131,-138,-177,-172,-164,-157,-645,-618,-1276,-1274,-1510,-1302,-3443,-2405,-29961,-29965,-29960,-29966,-29964,-29965,-29966,-29967,-29968,-29968,-29955,-29964,-29979,-29980,-29982,-29983,-29986,-29983,-29988,-29987,-29990,-29991,-29994,-29993,-29996,-29997,-29997,-29998,-29999,-29999,-29999]} 1. e4 c5 2. Nf3 e6 3. c3 Nf6 4. e5 Nd5 5. d4 cxd4 6. cxd4 b6 7. Nc3 Nxc3 8. bxc3 Qc7 9. Bd2 Bb7 10. Bd3 d6 11. O-O Nd7 12. Ng5 dxe5 13. Qh5 g6 14. Qh3 Be7 15. Rae1 Bxg5 {B22: Sicilian: 2 c3.} 16. Bxg5 f5 (16... Qxc3 $6 17. Rc1 $16) 17. Qh6 {Qg7! is the strong threat.} Kf7 {White is slightly better.} (17... Qc6 $2 18. Be4 $1 $18 {[%mdl 512]}) 18. dxe5 Nxe5 {[#]} 19. Bf4 $146 ({Predecessor:} 19. Qh3 Nxd3 20. Qxd3 h6 21. Bf4 Qc6 22. Qh3 Ba6 23. c4 Bxc4 24. Rc1 Qe4 25. Qg3 {0-1 (44) Charbonneau,P (2405)-Hebert,J (2427) Montreal 2001}) 19... Ng4 $1 $40 {[%mdl 128] And now ...e5 would win. White needs to defend precisely.} (19... Qc6 $2 20. Be4 $1 $18 {[%mdl 512]}) 20. Qg5 Qd8 {[%cal Rd8d3]} ({Don't blunder} 20... Qxc3 $2 21. Rc1 $1 $18) 21. Bc4 Bd5 22. Bxd5 exd5 23. f3 Qxg5 24. Bxg5 Nf6 25. Re5 Rhd8 26. g4 Re8 27. Bxf6 Kxf6 28. Rxd5 $17 {[%mdl 4096] Endgame KRR-KRR} Rad8 29. Rdd1 Rxd1 30. Rxd1 fxg4 31. fxg4 {KR-KR} Re4 32. h3 Re3 33. Rd7 Rxh3 34. Rxa7 {[#]} Kg5 $1 ({Resist} 34... Rxc3 35. Rxh7 Rg3+ 36. Kf2 $15) 35. Ra4 $2 {Loses the game.} (35. c4 $17) 35... Rxc3 $19 36. Rb4 Ra3 37. Rxb6 Kxg4 38. Rb2 h5 39. Rg2+ {[#]} Kf5 $1 {Black mates.} (39... Rg3 40. Rxg3+ Kxg3 41. a4 h4 42. a5 Kf4 43. a6 Ke5 44. Kg2) 40. Rf2+ Kg5 41. Rg2+ Kh6 42. Kh2 h4 43. Rc2 Kh5 44. Rb2 g5 45. Kg2 h3+ 46. Kh2 Kh4 47. Rc2 g4 48. Kh1 Rd3 49. Rc1 Rd2 50. Ra1 h2 51. a4 Kh3 52. a5 g3 {[%csl Gd2,Gh3][%cal Rg3g2]} 53. a6 {[#]} Rd1+ $3 {[%mdl 512]} 54. Rxd1 g2# {Weighted Error Value: White=0.60/Black=0.02} 0-1

[Event "European Online Club-ch-E 2021"]
[Site "Online"]
[Date "2021.03.27"]
[Round "5.11"]
[White "Arman, Deniz"]
[Black "Abasov, Nijat"]
[Result "1-0"]
[WhiteElo "2336"]
[BlackElo "2664"]
[Annotator "ChessBase"]
[PlyCount "87"]
[EventDate "2021.03.27"]
[EventType "team-tourn"]
[EventCountry "NET"]
[SourceTitle "playchess.com"]
[Source "ChessBase"]
[SourceQuality "1"]
[TimeControl "900+5"]

1. e4 {[%emt 0:00:00]} c5 {[%emt 0:00:01]} 2. c3 {[%emt 0:00:05]} Nf6 {[%emt 0:00:03]} 3. e5 {[%emt 0:00:02]} Nd5 {[%emt 0:00:00]} 4. d4 {[%emt 0:00:02]} cxd4 {[%emt 0:00:00]} 5. Nf3 {[%emt 0:00:11]} d6 {[%emt 0:00:23]} 6. Qxd4 {[%emt 0:00:04]} e6 {[%emt 0:00:02]} 7. Nbd2 {[%emt 0:00:03]} a6 {[%emt 0:00:03]} 8. Nc4 {[%emt 0:01:55]} Nc6 {[%emt 0:00:07]} 9. Qe4 {[%emt 0:00:51]} f5 {[%emt 0:01:32]} 10. Qe2 {[%emt 0:03:54]} dxe5 {[%emt 0:00:35]} 11. Nfxe5 {[%emt 0:00:09]} Nxe5 {[%emt 0:00:00]} 12. Nxe5 {[%emt 0:00:02]} Qc7 {[%emt 0:00:10]} 13. Qh5+ {[%emt 0:00:57]} g6 {[%emt 0:02:46]} 14. Nxg6 {[%emt 0:00:04]} Nf6 {[%emt 0:01:57]} 15. Qh4 {[%emt 0:00:38]} hxg6 {[%emt 0:00:01]} 16. Qxh8 {[%emt 0:00:29]} Kf7 {[%emt 0:00:02]} 17. Qh4 {[%emt 0:01:27]} Bd7 {[%emt 0:00:05]} 18. Bg5 {[%emt 0:03:12]} Bg7 {[%emt 0:04:02]} 19. Qf4 {[%emt 0:01:04]} Qb6 {[%emt 0:00:07]} 20. Qb4 {[%emt 0:00:21]} Qc6 {[%emt 0:00:35]} 21. O-O-O {[%emt 0:00:05]} Nd5 {[%emt 0:00:20]} 22. Qb3 {[%emt 0:00:32]} Rc8 {[%emt 0:00:12]} 23. Be2 {[%emt 0:00:39]} Qc5 {[%emt 0:01:02]} 24. Rxd5 {[%emt 0:00:03]} exd5 {[%emt 0:00:02]} 25. Bf3 {[%emt 0:00:02]} Be6 {[%emt 0:00:37]} 26. Re1 {[%emt 0:00:11]} Qc6 {[%emt 0:00:02]} 27. Kb1 {[%emt 0:00:03]} b5 {[%emt 0:00:05]} 28. Qb4 {[%emt 0:00:01]} Kg8 {[%emt 0:00:09]} 29. Qe7 {[%emt 0:00:04]} Bf7 {[%emt 0:00:01]} 30. Rd1 {[%emt 0:00:09]} Rf8 {[%emt 0:00:40]} 31. Be3 {[%emt 0:00:02]} Qc4 {[%emt 0:01:05]} 32. Qc5 {[%emt 0:00:07]} Qa4 {[%emt 0:00:05]} 33. b3 {[%emt 0:00:05]} Qh4 {[%emt 0:00:03]} 34. Bxd5 {[%emt 0:00:03]} Bxd5 {[%emt 0:00:04]} 35. Qxd5+ {[%emt 0:00:02]} Kh7 {[%emt 0:00:02]} 36. Bd4 {[%emt 0:00:03]} Rd8 {[%emt 0:00:31]} 37. Qb7 {[%emt 0:00:06]} Rg8 {[%emt 0:00:01]} 38. g3 {[%emt 0:00:04]} Qh5 {[%emt 0:00:07]} 39. Re1 {[%emt 0:00:03]} a5 {[%emt 0:00:13]} 40. Kb2 {[%emt 0:00:08]} Qh6 {[%emt 0:00:17]} 41. Kc2 {[%emt 0:00:08]} Kh8 {[%emt 0:00:10]} 42. Bxg7+ {[%emt 0:00:07]} Rxg7 {[%emt 0:00:00]} 43. Re8+ {[%emt 0:00:05]} Kh7 {[%emt 0:00:01]} 44. Qb8 {[%emt 0:00:05]} 1-0